000 00554cam a2200145 4500500
005 20251012020631.0
041 _afre
042 _adc
100 1 0 _aBetengne, Jean-Paul
_eauthor
245 0 0 _aLutte contre les « sectes » au Cameroun : quelle collaboration entre l'église catholique romaine et les pouvoirs publics ?
260 _c2007.
500 _a88
786 0 _nL'Année canonique | XLIX | 1 | 2007-02-11 | p. 259-281 | 0570-1953
856 4 1 _uhttps://shs.cairn.info/revue-l-annee-canonique-2007-1-page-259?lang=fr&redirect-ssocas=7080
999 _c1536273
_d1536273